Conferencia de prensa del presidente del Gobierno español, D. Felipe González, y del presidente de Costa Rica, D. Oscar Arias: San José de Costa Rica, 28 de marzo, 1988
Guardat en:
| Format: | Llibre |
|---|---|
| Idioma: | Spanish |
| Etiquetes: |
Afegir etiqueta
Sense etiquetes, Sigues el primer a etiquetar aquest registre!
|
MARC
| LEADER | 00000nam a22000007a 4500 | ||
|---|---|---|---|
| 003 | cru CIDCACS/IIS | ||
| 005 | 20230207095432.0 | ||
| 007 | ta | ||
| 008 | 230207s1988 sp |||p|r|||| 00| 0 spa d | ||
| 040 | |c cru CIDCACS/IIS | ||
| 245 | |a Conferencia de prensa del presidente del Gobierno español, D. Felipe González, y del presidente de Costa Rica, D. Oscar Arias: |b San José de Costa Rica, 28 de marzo, 1988 | ||
| 300 | |a páginas 191-197 | ||
| 500 | |a Colección Centroamérica | ||
| 773 | 0 | |0 43305 |9 5272 |a Centre d'Informació i Documentació Internacionals a Barcelona |d Barcelona, España: Centre d'Informació i Documentació Internacionals a Barcelona, 1982- |o 21181 |t Revista CIDOB D' Afers Internationals / |x 02121786 | |
| 942 | |2 ddc |c PP | ||
| 999 | |c 44712 |d 44712 | ||
